The Success Principles : Seven Steps to accelerate... want to be (Record no. 61512)

MARC details
000 -LEADER
fixed length control field 00334nam a2200121Ia 4500
008 - FIXED-LENGTH DATA ELEMENTS--GENERAL INFORMATION
fixed length control field 221007s9999 xx 000 0 und d
041 ## - LANGUAGE CODE
Language code of text/sound track or separate title eng
082 ## - DEWEY DECIMAL CLASSIFICATION NUMBER
Classification number 158.1
Item number CAN
100 ## - MAIN ENTRY--PERSONAL NAME
Personal name Canfield J
245 #4 - TITLE STATEMENT
Title The Success Principles : Seven Steps to accelerate... want to be
260 ## - PUBLICATION, DISTRIBUTION, ETC. (IMPRINT)
Name of publisher, distributor, etc. Westland Publications
Place of publication, distribution, etc. Chennai
906 ## - LOCAL DATA ELEMENT F, LDF (RLIN)
b General
Holdings
Withdrawn status Lost status Damaged status Not for loan Home library Current library Date acquired Vendor Cost, normal purchase price Bill number Total Checkouts Full call number Barcode Date last seen Cost, replacement price Bill Date Koha item type Original Barcode
        Smt. Hiraben Nanavati Institute of Management & Research for Women Smt. Hiraben Nanavati Institute of Management & Research for Women 24/09/2009 The Word Book Shop 539.00 1   158.1 CAN HIMR-AV-1062 07/10/2022 539.00 15/09/2009 Video Casset AV1062